000
00305nam a22001337a 4500
008
181105b xxu||||| |||| 00| 0 eng d
020
_a
9780618122066
041
_a
eng
080
_2
4th
_a
101
100
_a
24
101
_a
FIL
245
_a
Becoming a Critical Thinker
_c
Ruggiero,V.R
942
_2
udc
_c
BK
999
_c
51836
_d
51836